| 000 | 00717nam a2200157 4500 | ||
|---|---|---|---|
| 999 |
_c16469 _d16469 |
||
| 008 | 220207b ||||| |||| 00| 0 eng d | ||
| 022 | _a0893-8989 | ||
| 082 | _aDPer 363.205 P75 Sept 2013-May 2016 v. 37 & 40, n. 9-11/1-5 | ||
| 100 |
_aBasich, Melanie. _943871 |
||
| 245 |
_aTaking the lead: _bhandlers with the spokane (WA) police department K-9 unit are passionate about training with their dogs to hone their skills and better support their agency's officers/ _cMelanie Basich. |
||
| 260 |
_aCalifornia: _bBobit Business Media, _c©Sept 2013-May 2016. |
||
| 300 |
_av40 n5, pages 54-57; _billustrations: _c27 cm. |
||
| 500 | _aPolice: the law enforcement. | ||
| 650 |
_aDogs _xTraining. _943834 |
||
| 942 |
_2ddc _cPER |
||